[Event "CIA Urbino"]
[Site "?"]
[Date "2026.04.26"]
[Round "3"]
[White "Patrignani, Tiziano"]
[Black "Menichelli, Alessandro"]
[Result "0-1"]
[Annotator "Roberto"]
[WhiteElo "2098"]
[BlackElo "1999"]
[WhiteFideId "-1"]
[BlackFideId "-1"]
[PlyCount "60"]
[GameId "2306482113777739"]
[SourceVersionDate "2026.05.05"]

1. d4 d5 2. c4 e6 3. Nf3 c6 4. g3 dxc4 5. Bg2 b5 6. a4 Bb7 7. O-O Nd7 8. b3 cxb3 9. Qxb3 a6 10. Rd1 Ngf6 11. Ne5 Qc7 12. Bf4 Nxe5 13. Rc1 Qb6 14. Bxe5 Nd7 15. a5 Qa7 16. Bxc6 Bxc6 17. Rxc6 Nxe5 18. dxe5 Bc5 19. Qf3 O-O 20. Nd2 Rac8 21. Rxc8 Rxc8 22. e3 Bb4 23. Ne4 Qc7 24. Qh5 h6 25. Rd1 Rd8 26. Rb1 Be7 27. Rf1 b4 28. f4 b3 29. f5 Qxe5 30. Qg4 h5 0-1